Water resources and land-use planning : a systems approach (Record no. 11076)

000 -LEADER
fixed length control field 00291nam a22001217a 4500
040 ## - CATALOGING SOURCE
Transcribing agency HS
082 ## - DEWEY DECIMAL CLASSIFICATION NUMBER
Classification number 333 LAC 1982 C086
100 ## - MAIN ENTRY--AUTHOR NAME
Personal name P. LACONTE
245 ## - TITLE STATEMENT
Title Water resources and land-use planning : a systems approach
260 ## - PUBLICATION, DISTRIBUTION, ETC. (IMPRINT)
Place of publication Lodon
Name of publisher P. LACONTE
Year of publication 1982
300 ## - PHYSICAL DESCRIPTION
Number of Pages 470p;
942 ## - ADDED ENTRY ELEMENTS (KOHA)
Koha item type សៀវភៅភាសាអង់គ្លេស
952 ## - LOCATION AND ITEM INFORMATION (KOHA)
Withdrawn status [LOCAL, KOHA] 0
Holdings
Permanent Location Date acquired Koha item type Lost status Shelving location Barcode Current Location Full call number
Library Block C2017-02-15សៀវភៅភាសាអង់គ្លេស C190A06143Library Block C333 LAC 1982 C190
មជ្ឈមណ្ឌលឯការនៃសាកលវិទ្យាល័យភូមិន្ទកសិកម្មចំការដូង

Powered by Koha